Acerte os 8 times das quartas de finais da Copa do Brasil desde 2012 - Statistics

Estatísticas Gerais
  • Esse quiz foi jogado 127 vezes
    96 desde o último reset
  • A pontuação média é 21 de 24
Estatísticas das Respostas
Hint Resposta % Correto
Botafogo
100%
Corinthians
100%
Fluminense
100%
2024 Flamengo
100%
Grêmio
100%
Palmeiras
100%
São Paulo
100%
2025 Vasco da Gama
100%
Atlético-MG
99%
Bahia
99%
Cruzeiro
99%
Internacional
99%
Santos
98%
Athletico-PR
96%
Coritiba
94%
Fortaleza
93%
Ceará
91%
Juventude
86%
Goiás
81%
Atlético-GO
77%
América-MG
70%
Figueirense
68%
ABC
49%
América-RN
48%
Nenhum quiz correspondente encontrado
Distribuição das Pontuações
Porcentagem de Pessoas com Cada Pontuação
Percentil de Números Respondidos
Sua Pontuação Histórica
Você não jogou esse quiz desde o último reset